[Event "December Standard"]
[Site "SchemingMind.com"]
[Date "2006.11.30"]
[Round "-"]
[White "rao"]
[Black "asanopiyo"]
[Result "0-1"]
[WhiteCountry "INT"]
[BlackCountry "JPN"]
[WhiteElo "1606"]
[WhiteRD "127"]
[BlackElo "1816"]
[BlackRD "89"]
[GameID "79329"]

1. d4 Nf6 2. Nc3 d5 3. Bg5 e6 4. e3 c5 5. Nf3 c4 6. a3 Qb6 7. b3 Qa5 8. b4 Qb6 9. Ne5 Nc6 10. Be2 Be7
11. Bh5 g6 12. Bg4 Nxg4 13. Qxg4 f6 14. Nxc6 bxc6 15. Bh4 e5 16. Qf3 g5 17. dxe5 gxh4 18. exf6 Bd6 19. f7+ Ke7 20. Qh5 h3
21. gxh3 Be6 22. Rg1 Bxf7 23. Rg7 Raf8 24. Qg5+ Ke8 25. Qf6 Qd8 26. Qf5 Qd7 27. Qf6 Bxh2 28. O-O-O Qe6 29. Qxe6+ Bxe6 30. Rxa7 Be5
31. Na4 Rxf2 32. Nc5 Bxh3 33. Rg1 Rf1+ 34. Rxf1 Bxf1 35. Ra8+ Ke7 36. Ra7+ Kf6 37. Nd7+ Kf5 38. Nc5 h5 39. Rf7+ Bf6 40. Nd7 Rh6
41. Nb8 h4 42. Nxc6 h3 43. Nd4+ Ke4 44. Rf8 h2 45. Re8+ Be5 46. Nc6 Rxc6 47. Rh8 Bxh8
0-1

[Event "December Standard"]
[Site "SchemingMind.com"]
[Date "2006.12.01"]
[Round "-"]
[White "jtrochez1"]
[Black "Austin Lockwood"]
[Result "0-1"]
[WhiteCountry "HON"]
[BlackCountry "ENG"]
[WhiteElo "1529"]
[WhiteRD "47"]
[BlackElo "1733"]
[BlackRD "78"]
[GameID "79495"]

1. e4 c5 2. Nf3 d6 3. Bc4 Nf6 4. Ng5 e6 5. d3 Be7 6. Nf3 O-O 7. Nc3 d5 8. exd5 exd5 9. Bb3 b5 10. a3 c4
11. Ba2 b4 12. Ne2 bxa3 13. bxa3 Qa5+ 14. Nd2 cxd3 15. cxd3 Bf5 16. O-O Bxd3 17. Nb3 Qa6 18. Re1 Nc6 19. Nbd4 Nxd4 20. Nxd4 Bc5
21. Be3 Rfe8 22. Bb1 Bxb1 23. Qxb1 Bxd4 24. Bxd4 Re4 25. Bxf6 Rxe1+ 26. Qxe1 Qxf6 27. h3 Rd8 28. Rd1 d4 29. Qe4 g5 30. Rd3 h5
31. a4 Kg7 32. Qb7 Qf5 33. Rf3 Qd7 34. Qxd7 Rxd7 35. Kf1 g4 36. Rg3 d3 37. Ke1 f5 38. Kd2 f4 39. Rxd3 Rxd3+ 40. Kxd3 f3
0-1

[Event "December Standard"]
[Site "SchemingMind.com"]
[Date "2006.12.02"]
[Round "-"]
[White "jtrochez1"]
[Black "cnbcad"]
[Result "1/2-1/2"]
[WhiteCountry "HON"]
[BlackCountry "USA"]
[WhiteElo "1592"]
[WhiteRD "50"]
[BlackElo "1519"]
[BlackRD "56"]
[GameID "79496"]

1. e4 e5 2. Nf3 Nc6 3. Bc4 h6 4. Nc3 Nd4 5. a3 Nxf3+ 6. Qxf3 Nf6 7. d3 d6 8. h3 b6 9. Nd5 Be6 10. Nxf6+ Qxf6
11. Qxf6 gxf6 12. Bxe6 fxe6 13. Be3 f5 14. f3 h5 15. h4 Rg8 16. Rg1 f4 17. Bf2 d5 18. O-O-O Rd8 19. Kb1 d4 20. Be1 c5
21. g3 a5 22. g4 hxg4 23. Rxg4 Kf7 24. c4 Rxg4 25. fxg4 Kg6 26. a4 Be7 27. Bf2 Rh8 28. Rh1 Rg8 29. h5+ Kh6 30. Rg1 Bg5
31. b3 Rf8 32. Kc2 f3 33. Kd1 Be3 34. Ke1 Kg5 35. Kf1 Bf4 36. Ke1 Bh2 37. Rh1 Bf4 38. Rg1 Bh2 39. Rh1 Bf4=
1/2-1/2

[Event "December Standard"]
[Site "SchemingMind.com"]
[Date "2006.12.01"]
[Round "-"]
[White "jtrochez1"]
[Black "Zugzwang"]
[Result "1-0"]
[WhiteCountry "HON"]
[BlackCountry "CAN"]
[WhiteElo "1592"]
[WhiteRD "50"]
[BlackElo "1490"]
[BlackRD "61"]
[GameID "79498"]

1. e4 e5 2. Nf3 Nf6 3. Nc3 Bb4 4. d3 d5 5. Bd2 O-O 6. h3 Bxc3 7. Bxc3 d4 8. Bd2 Nc6 9. a3 h6 10. Nh2 Be6
11. Be2 b5 12. O-O a5 13. f4 a4 14. f5 Bc8 15. g4 Nd7 16. Qe1 f6 17. Kh1 Nc5 18. Qh4 Ne7 19. Qe1 Rb8 20. Nf3 Nc6
21. Nh4 b4 22. axb4 Na6 23. Rxa4 Naxb4 24. Bxb4 Nxb4 25. Rxb4 Ra8 26. g5 Qd6 27. gxh6 Kf7 28. Bh5+ Ke7 29. Ng6+
1-0

[Event "December Standard"]
[Site "SchemingMind.com"]
[Date "2006.12.01"]
[Round "-"]
[White "jtrochez1"]
[Black "asanopiyo"]
[Result "0-1"]
[WhiteCountry "HON"]
[BlackCountry "JPN"]
[WhiteElo "1592"]
[WhiteRD "50"]
[BlackElo "1725"]
[BlackRD "100"]
[GameID "79499"]

1. e4 c6 2. Nc3 d5 3. exd5 cxd5 4. d4 Nf6 5. Bd3 Nc6 6. Nge2 Bg4 7. f3 Bd7 8. O-O h5 9. Kh1 h4 10. Nf4 g5
11. Ng6 Rg8 12. Nxf8 Kxf8 13. Be3 h3 14. g3 Qb6 15. Qd2 g4 16. f4 Nb4 17. f5 Nxd3 18. Qxd3 Rc8 19. Nd1 Bb5 20. Qb3 Bxf1
21. Qxb6 axb6 22. Nc3 Bg2+ 23. Kg1 e6 24. Bh6+ Ke7 25. Re1 Kd7 26. fxe6+ fxe6 27. Rc1 Rg6 28. Bf4 Ne4 29. Nxe4 Bxe4 30. c3 b5
31. a3 Kc6 32. b4 b6 33. Kf2 Rg7 34. Ke3 Ra7 35. Ra1 Rca8
0-1

[Event "December Standard"]
[Site "SchemingMind.com"]
[Date "2006.12.02"]
[Round "-"]
[White "jtrochez1"]
[Black "Canuck36"]
[Result "1-0"]
[WhiteCountry "HON"]
[BlackCountry "CAN"]
[WhiteElo "1592"]
[WhiteRD "50"]
[BlackElo "1502"]
[BlackRD "70"]
[GameID "79500"]

1. e4 c5 2. Nf3 e6 3. d4 cxd4 4. Nxd4 a6 5. Bd3 Nc6 6. Be3 Nf6 7. a3 Qc7 8. Qf3 Bd6 9. Nxc6 bxc6 10. Nd2 O-O
11. Qh3 Be5 12. c3 d5 13. O-O Rd8 14. f4 dxe4 15. Be2 Bd6 16. g4 e5 17. f5 g6 18. fxg6 Nxg4 19. Qxh7+
1-0

[Event "December Standard"]
[Site "SchemingMind.com"]
[Date "2006.12.01"]
[Round "-"]
[White "jtrochez1"]
[Black "rao"]
[Result "0-1"]
[WhiteCountry "HON"]
[BlackCountry "INT"]
[WhiteElo "1529"]
[WhiteRD "47"]
[BlackElo "1606"]
[BlackRD "127"]
[GameID "79501"]

1. e4 d5 2. exd5 Qxd5 3. Nc3 Qe5+ 4. Nge2 Bg4 5. f3 Bh5 6. d4 Qd6 7. Ng3 Bg6 8. Be2 a6 9. O-O Nc6 10. Be3 Nf6
11. a3 e6 12. Nge4 Nxe4 13. fxe4 f6 14. Bh5 O-O-O 15. d5 Ne5 16. Bf3 exd5 17. exd5 Nxf3+ 18. Qxf3 Bxc2 19. b4 Bb3 20. Bf4 Bxd5
21. Nxd5 Qxd5 22. Qg3 Qd4+ 23. Kh1 Rd7 24. Qg4 Bd6 25. h3 Bxf4 26. Rad1 Bd2 27. Qe2 Rhd8 28. Rfe1 Qc3 29. Rf1 Bg5 30. Rxd7 Rxd7
31. Qg4 Qd3 32. Re1 c6 33. a4 Qd4 34. Qxd4 Rxd4 35. Rb1 f5 36. a5 f4 37. Kg1 Rd3 38. Kf1 f3 39. gxf3 Rxf3+ 40. Kg2 Rd3
41. Kh2 Bf4+ 42. Kg2 Rg3+ 43. Kf2 Rxh3 44. Kg2 Rh2+ 45. Kf3 g5 46. Kg4 h5+ 47. Kf3 h4 48. Rg1 h3 49. Re1 Rb2 50. Kg4 h2
51. Kh3 Rxb4
0-1

[Event "December Standard"]
[Site "SchemingMind.com"]
[Date "2006.12.01"]
[Round "-"]
[White "Austin Lockwood"]
[Black "jtrochez1"]
[Result "1-0"]
[WhiteCountry "ENG"]
[BlackCountry "HON"]
[WhiteElo "1729"]
[WhiteRD "88"]
[BlackElo "1592"]
[BlackRD "50"]
[GameID "79502"]

1. d4 d5 2. c4 e6 3. Nc3 c6 4. e3 Bb4 5. cxd5 cxd5 6. Bd3 Nf6 7. Nf3 Bxc3+ 8. bxc3 Nc6 9. Ba3 Ne7 10. O-O O-O
11. Ne5 Nd7 12. Qg4 Nxe5 13. dxe5 Re8 14. c4 dxc4 15. Bxc4 Ng6 16. Rad1 Qh4 17. Qxh4 Nxh4 18. Bb5 Rf8 19. Bxf8 Kxf8 20. Rd8+ Ke7
21. Re8#
1-0

[Event "December Standard"]
[Site "SchemingMind.com"]
[Date "2006.12.02"]
[Round "-"]
[White "cnbcad"]
[Black "jtrochez1"]
[Result "1-0"]
[WhiteCountry "USA"]
[BlackCountry "HON"]
[WhiteElo "1455"]
[WhiteRD "52"]
[BlackElo "1529"]
[BlackRD "47"]
[GameID "79503"]

1. e4 c5 2. c4 d6 3. d3 Nc6 4. Nf3 Bg4 5. Be2 Bh5 6. b3 Bxf3 7. Bxf3 e5 8. Nc3 h6 9. Nd5 Nf6 10. Nc3 Be7
11. a4 Nd4 12. Be3 Nxf3+ 13. Qxf3 a6 14. Qg3 Nh5 15. Qg4 g6 16. Nd5 Nf6 17. Nxf6+ Bxf6 18. O-O h5 19. Qg3 Qd7 20. Bg5 Qe7
21. Bxf6 Qxf6 22. f4 h4 23. Qg4 Qe6 24. Qxe6+ fxe6 25. fxe5 dxe5 26. Rf6 O-O-O 27. Rxe6 Rxd3 28. Rb1 g5 29. Rxe5 g4 30. Rxc5+ Kb8
31. Rf5 g3 32. h3 Rh7 33. Rf8+ Ka7 34. b4 Rd4 35. c5 Rxe4 36. b5 axb5 37. axb5 b6 38. c6 Ra4 39. Rc1 Rc7 40. Rd8 Ra5
41. Rd7 Kb8 42. Rd8+ Ka7 43. Rd7 Kb8 44. Re1 Rc8 45. Rb7+ Ka8 46. Kf1 Rxb5 47. Rc1 Rf8+ 48. Kg1 Re5 49. Rd7 Kb8 50. Rb7+ Kc8
51. Ra7 Rd8 52. c7 Rc5 53. Rxc5 bxc5 54. cxd8=Q+ Kxd8 55. Kf1 c4 56. Ke1 c3 57. Kd1 Ke8 58. Kc2
1-0

[Event "December Standard"]
[Site "SchemingMind.com"]
[Date "2006.12.01"]
[Round "-"]
[White "Zugzwang"]
[Black "jtrochez1"]
[Result "1-0"]
[WhiteCountry "CAN"]
[BlackCountry "HON"]
[WhiteElo "1490"]
[WhiteRD "61"]
[BlackElo "1592"]
[BlackRD "50"]
[GameID "79505"]

1. d4 d5 2. Nf3 Nc6 3. e3 Nf6 4. Bd3 h6 5. c3 Bg4 6. Qb3 Qc8 7. Qa4 Bxf3 8. gxf3 a6 9. Nd2 e6 10. b4 Qd7
11. b5 Na7 12. c4 axb5 13. cxb5 b6 14. Nb3 Bd6 15. Bd2 O-O 16. Ke2 Qe7 17. Rhg1 Nc6 18. Na5 Nxa5 19. Qc2 Rac8 20. e4 dxe4
21. fxe4 Bxh2 22. Rg2 Ng4 23. Rxg4 f5 24. Rg2 e5 25. Rxh2 f4 26. f3 Qg5 27. Bc4+ Nxc4 28. Qxc4+ Kh7 29. Rah1 Rf6 30. dxe5 Qxe5
31. Bc3 Qc5 32. Qxc5 bxc5 33. Bxf6 gxf6 34. Rxh6+ Kg7 35. Rh7+ Kg6 36. Kf2 c4 37. Kg2 Ra8 38. Rxc7 Rxa2+ 39. Kh3 Rb2 40. Rxc4 Rxb5
41. Kg4
1-0

[Event "December Standard"]
[Site "SchemingMind.com"]
[Date "2006.12.01"]
[Round "-"]
[White "asanopiyo"]
[Black "jtrochez1"]
[Result "1-0"]
[WhiteCountry "JPN"]
[BlackCountry "HON"]
[WhiteElo "1725"]
[WhiteRD "100"]
[BlackElo "1592"]
[BlackRD "50"]
[GameID "79506"]

1. d4 d5 2. c4 e6 3. Nf3 Nc6 4. Nc3 h6 5. Bf4 Bb4 6. Qb3 Nf6 7. a3 Bxc3+ 8. Qxc3 Ne4 9. Qc2 Qe7 10. b4 a6
11. cxd5 exd5 12. Ne5 Nxe5 13. Bxe5 f6 14. Bxc7 O-O 15. e3 f5 16. Bd3 Be6 17. Be5 Rac8 18. Qe2 Qg5 19. O-O Nf6 20. Rac1 b5
21. a4 Nd7 22. Bf4 Qf6 23. axb5 axb5 24. Bxb5 Nb6 25. Ba6 Rxc1 26. Rxc1 Nc4 27. b5 g5 28. Bc7 Bc8 29. Rxc4 dxc4 30. Qxc4+ Be6
31. Qc6 Qf7 32. b6 Kh7 33. Bd6 Bd5 34. Qc7 Ba8 35. Bxf8
1-0

[Event "December Standard"]
[Site "SchemingMind.com"]
[Date "2006.12.02"]
[Round "-"]
[White "Canuck36"]
[Black "jtrochez1"]
[Result "0-1"]
[WhiteCountry "CAN"]
[BlackCountry "HON"]
[WhiteElo "1502"]
[WhiteRD "70"]
[BlackElo "1592"]
[BlackRD "50"]
[GameID "79507"]

1. d4 d5 2. c4 e6 3. Nc3 c6 4. Nf3 Nd7 5. e4 Bb4 6. cxd5 cxd5 7. e5 h6 8. a3 Bxc3+ 9. bxc3 Ne7 10. Bd3 a6
11. O-O b5 12. a4 bxa4 13. Qxa4 a5 14. Ba3 O-O 15. c4 Nb6 16. Qb5 dxc4 17. Bxc4 Nxc4 18. Qxc4 Ba6 19. Qc5 Bxf1 20. Kxf1 Nd5
21. Nd2 Rc8 22. Qb5 Re8 23. Bc5 Ra8 24. Ne4 Qh4 25. f3 Qxh2 26. Kf2 Reb8 27. Qe2 Rb3 28. Ra3 Rb1 29. Qd2 Qh1 30. Kg3 Rab8
31. Qxa5 R8b2 32. Nf2 Qf1 33. Ra2 Qxf2+
0-1

[Event "December Standard"]
[Site "SchemingMind.com"]
[Date "2006.12.01"]
[Round "-"]
[White "rao"]
[Black "jtrochez1"]
[Result "0-1"]
[WhiteCountry "INT"]
[BlackCountry "HON"]
[WhiteElo "1458"]
[WhiteRD "82"]
[BlackElo "1495"]
[BlackRD "52"]
[GameID "79508"]

1. e4 c5 2. Bc4 d6 3. Qf3 Nf6 4. d3 e5 5. Bg5 Be7 6. Nc3 Nc6 7. Nd5 Nd4 8. Qd1 Be6 9. Bxf6 Bxf6 10. c3 Nc6
11. Bb5 a6 12. Ba4 b5 13. Bb3 a5 14. a4 b4 15. Bc4 Ne7 16. Nxf6+ gxf6 17. Bxe6 fxe6 18. Qf3 Ng6 19. h4 Nf4 20. g3 Ng6
21. h5 Ne7 22. Qxf6 Rf8 23. Qxe6 Qd7 24. Qh6 O-O-O 25. c4 Nc6 26. Ne2 Rf3 27. Rd1 Qf7 28. Rh2 b3 29. Nc3 Nb4 30. Ke2 Rf8
31. Rf1 Rf6 32. Qg5 Rg8 33. Qh4 Qe6 34. Qh3 Qxh3 35. Rxh3 Rf7 36. Nb5 Kd7 37. h6 Nc6 38. Rh5 Nd4+ 39. Nxd4 cxd4 40. Ra1 Ke6
41. Ra3 Rb7 42. Rh3 Rg6 43. f3 Kf6 44. g4 Rg5 45. Kf2 Ke6 46. Kg3 Kf6 47. f4 exf4+ 48. Kxf4 Rc5 49. Rf3 Kg6 50. Kg3 Re5
51. Rf5 Rxf5 52. gxf5+ Kxh6 53. Kg4 Kg7 54. Kg5 h6+ 55. Kh5 Rb8 56. f6+ Kxf6 57. Kxh6 Ke5 58. Kg5 Rb6 59. Kg4 Ke6= 60. Kf4 Kf6
61. Ra1 Rb4 62. Kg4 Ke6 63. Kg5 Ke5 64. Kg6 Kf4 65. Kf6 Ke3 66. c5 dxc5 67. e5 Kxd3 68. e6 Kc2 69. e7 Rb8 70. Kf7 Kxb2
71. Re1 Rb7 72. Kf8 Rxe7 73. Kxe7 Ka2 74. Kd6 c4 75. Kd5 b2 76. Kxd4 Kb3 77. Rb1 c3 78. Re1 c2
0-1